Países menos habitados - Statistics

Estatísticas Gerais
  • Esse quiz foi jogado 74 vezes
  • A pontuação média é 11 de 15
Estatísticas das Respostas
Hint Resposta % Correto
990 Vaticano
92%
31.259 San Marino
86%
9.771 Nauru
82%
11.093 Tuvalu
80%
32.020 Mônaco
77%
98.989 Kiribati
74%
54.065 Ilhas Marshall
73%
20.401 Palau
71%
35.010 Liechtenstein
70%
103.103 Granada
68%
82.180 Andorra
65%
46.111 São Cristóvão e Névis
59%
84.600 Seychelles
56%
70.382 Dominica
55%
82.786 Antígua e Barbuda
52%
Nenhum quiz correspondente encontrado
Distribuição das Pontuações
Porcentagem de Pessoas com Cada Pontuação
Percentil de Números Respondidos
Sua Pontuação Histórica
Você não jogou esse quiz